书目信息 |
| 题名: |
当代世界思潮
|
|
| 作者: | 邢贲思 主编 | |
| 分册: | ||
| 出版信息: | 北京 中共中央党校出版社 2003 |
|
| 页数: | 320页 | |
| 开本: | 20cm | |
| 丛书名: | ||
| 单 册: | ||
| 中图分类: | D091.5 | |
| 科图分类: | ||
| 主题词: | 社会思潮--研究--世界--现代 | |
| 电子资源: | ||
| ISBN: | 7-5035-2778-1 | |
| 000 | 00563nam0 2200193 450 | |
| 001 | 0759024717 | |
| 005 | 20070713083243.78 | |
| 010 | @a7-5035-2778-1@dCNY18.00 | |
| 100 | @a20070708d2003 km y0chiy0120 ea | |
| 101 | 0 | @achi |
| 102 | @aCN@b110000 | |
| 200 | 1 | @a当代世界思潮@Adang dai shi jie si chao@f邢贲思主编@Fxing ben si zhu bian |
| 210 | @a北京@c中共中央党校出版社@d2003 | |
| 215 | @a320页@d20cm | |
| 606 | 0 | @a社会思潮@x研究@y世界@z现代 |
| 690 | @aD091.5@v3 | |
| 701 | 0 | @a邢贲思@Axing ben si@4主编 |
| 801 | 0 | @aCN@bPFT@c20070713 |
| 905 | @a10447@dD091.5@e118 | |
| 当代世界思潮/邢贲思主编.-北京:中共中央党校出版社,2003 |
| 320页;20cm |
| ISBN 7-5035-2778-1:CNY18.00 |
| ● |
| 相关链接 |
|
|
|
|
正题名:当代世界思潮
索取号:D091.5/118
 
预约/预借
| 序号 | 登录号 | 条形码 | 馆藏地/架位号 | 状态 | 备注 |
| 1 | 0765603 | 207656035 | 第一样本阅览室/ [索取号:D091.5/118] | 在馆 |